World Rugby players of the year. - Statistics

General Stats
  • This quiz has been taken 87 times
    70 since last reset
  • The average score is 15 of 21
Answer Stats
Year Nation Players % Correct
2015 Daniel Carter
94%
2012 Daniel Carter
94%
2005 Daniel Carter
94%
Player of the decade Richie MacCaw
89%
2010 Richie MacCaw
89%
2009 Richie MacCaw
89%
2006 Richie MacCaw
89%
2003 Jonny Wilkinson
85%
2021 Antoine Dupont
84%
2017 Beauden Barrett
84%
2016 Beauden Barrett
84%
2018 Jonathan Sexton
77%
2019 Peter-Steph Du Toit
68%
2008 Shane Williams
60%
2007 Bryan Habana
58%
2011 Thierry Dusautoir
50%
2014 Brodie Retallick
44%
2002 Fabien Galthié
40%
2001 Keith Wood
40%
2013 Kieran Read
39%
2004 Schalk Burger
31%
No matching quizzes found
Score Distribution
Percent of People with Each Score
Percentile by Number Answered
Your Score History
You have not taken this quiz since the last reset